<?xml version="1.0" encoding="UTF-8"?>
<record
    xmlns:xsi="http://www.w3.org/2001/XMLSchema-instance"
    xsi:schemaLocation="http://www.loc.gov/MARC21/slim http://www.loc.gov/standards/marcxml/schema/MARC21slim.xsd"
    xmlns="http://www.loc.gov/MARC21/slim">

  <leader>00870nam a22002297a 4500</leader>
  <controlfield tag="005">20140807131123.0</controlfield>
  <controlfield tag="008">140714b        xxu||||| |||| 00| 0 Urdu d</controlfield>
  <datafield tag="010" ind1=" " ind2=" ">
    <subfield code="a">UR-221</subfield>
  </datafield>
  <datafield tag="020" ind1=" " ind2=" ">
    <subfield code="c">375.00   </subfield>
  </datafield>
  <datafield tag="035" ind1=" " ind2=" ">
    <subfield code="a">U-221</subfield>
  </datafield>
  <datafield tag="037" ind1=" " ind2=" ">
    <subfield code="b">BPPD/Publishers/Venders</subfield>
  </datafield>
  <datafield tag="040" ind1=" " ind2=" ">
    <subfield code="a">DPL</subfield>
    <subfield code="b">Urdu</subfield>
  </datafield>
  <datafield tag="082" ind1=" " ind2=" ">
    <subfield code="a">  920</subfield>
  </datafield>
  <datafield tag="100" ind1=" " ind2=" ">
    <subfield code="a">&#x645;&#x62A;&#x631; &#x62C;&#x645;: &#x627; &#x646;&#x648; &#x646;&#x648; &#x645;&#x62D;&#x645;&#x648; &#x62F; &#x62E;&#x627; &#x646;                  </subfield>
  </datafield>
  <datafield tag="245" ind1=" " ind2=" ">
    <subfield code="a">The Hundred</subfield>
    <subfield code="c">&#x645;&#x62A;&#x631; &#x62C;&#x645;: &#x627; &#x646;&#x648; &#x646;&#x648; &#x645;&#x62D;&#x645;&#x648; &#x62F; &#x62E;&#x627; &#x646;   </subfield>
  </datafield>
  <datafield tag="246" ind1=" " ind2=" ">
    <subfield code="a">The Hundred</subfield>
    <subfield code="b">Tr.byAnono Mahmood Khan</subfield>
  </datafield>
  <datafield tag="260" ind1=" " ind2=" ">
    <subfield code="b">Auraaque Publications</subfield>
    <subfield code="b">Star Publications.( Vender)</subfield>
    <subfield code="c">2014</subfield>
  </datafield>
  <datafield tag="260" ind1=" " ind2=" ">
    <subfield code="a">4/5Asaf Ali Road,New Delhi-110002</subfield>
  </datafield>
  <datafield tag="270" ind1=" " ind2=" ">
    <subfield code="a">A-170,&#x6AF;&#x631; &#x627; &#x624; &#x646;&#x688;  &#x641;&#x644;&#x648;  &#x631; &#x633;&#x648; &#x631; &#x64A;&#x6C1; &#x627; &#x67E;&#x627; &#x631; &#x679;&#x645;&#x64A;&#x646;&#x679;&#x60C;&#x62F; &#x644;&#x634;&#x627; &#x62F; &#x6A9;&#x627; &#x644;&#x648; &#x646;&#x6CC; </subfield>
    <subfield code="b">&#x62F;&#x6BE;&#x644;&#x6CC;</subfield>
    <subfield code="e">110095</subfield>
    <subfield code="k">9899706640</subfield>
  </datafield>
  <datafield tag="300" ind1=" " ind2=" ">
    <subfield code="a">410&#x635;</subfield>
    <subfield code="c">22Cm(Pb)</subfield>
  </datafield>
  <datafield tag="942" ind1=" " ind2=" ">
    <subfield code="2">ddc</subfield>
    <subfield code="c">UR</subfield>
    <subfield code="m">&#x627; &#x646; &#x648;</subfield>
    <subfield code="h">  920</subfield>
  </datafield>
  <datafield tag="999" ind1=" " ind2=" ">
    <subfield code="c">87680</subfield>
    <subfield code="d">87680</subfield>
  </datafield>
</record>
